000 00259nam a22000977a 4500
008 240829b |||||||| |||| 00| 0 eng d
020 _a9789359584300
100 _aOswaal
_97599
245 _aOSWAAL CBSE QUESTION BANK BIOLOGY-12
260 _aNew Delhi
_bOWAAL
_c2024
999 _c12625
_d12625